| 000 | 00494nam a2200169Ia 4500 | ||
|---|---|---|---|
| 999 |
_c1466 _d1466 |
||
| 003 | OSt | ||
| 005 | 20201001094538.0 | ||
| 008 | 190216s9999||||xx |||||||||||||| ||und|| | ||
| 020 | _a0074621629 | ||
| 040 | _coclc | ||
| 082 |
_a660.6 _bIGN/B |
||
| 100 |
_aIgnacimuthu, S _95247 |
||
| 245 | 0 |
_aBasic Biotechnology / _cS Ignacimuthu |
|
| 260 |
_bTata Mcgraw Hill Publishing Company Ltd, _c1995. _aNew Delhi: |
||
| 300 | _a317p | ||
| 942 |
_cBK _2ddc _h660.6 _iIGN/B _k660.6 _mIGN/B |
||